000 01332nam a2200301 a 4500
001 BRCA_4937
005 20190320204852.0
008 211010s1824----mx-######v---#000-0#spa-#
041 _aspa
044 _amx
084 _aDOC37
_b.B73
_c1824
100 1 _aBravo Rueda, Nicolás
_d1786-1854
_912454
245 1 0 _aDocumento firmado por Nicolás Bravo
_cNicolás Bravo, Carlos María de Bustamante.
260 _aMéxico
_c1824
300 _a[1] foja
_c20 x 15 cm
500 _aDocumento firmado el 10 de agosto de 1824
500 _aDocumento autógrafa de Nicolás Bravo, dirigida a Don Carlos María de Bustamante. En ella le comunica haber recibido una comunicación de Puebla en la que le avisan que su tío Miguel había sido decapitado
500 _aEl documento tiene la leyenda DOC. #46
500 _aPapel con marca de agua
500 _aEstado de conservación: Contiene anotaciones con tinta roja
506 0 _aFondo reservado: para su consulta es necesario credencial de usuario y carta de motivos
546 _aTexto en: español de principios del siglo XIX
600 1 4 _aBravo Rueda, Nicolás
_d1786-1854
_912454
651 4 _aMéxico
_vManuscrito
_xHistoria
_yPrimeros gobiernos independientes, 1821-1824
_912531
700 1 _aBustamante, Carlos María
_d1774-1848
_912532
902 _aFDH
942 _2lcc
_cD
999 _c4631
_d4631